आकाश दीप / (Record no. 115902)

MARC details
000 -LEADER
fixed length control field 01050nam a22002657a 4500
005 - DATE AND TIME OF LATEST TRANSACTION
control field 20170124103031.0
010 ## - LIBRARY OF CONGRESS CONTROL NUMBER
LC control number A-777085
020 ## - INTERNATIONAL STANDARD BOOK NUMBER
Terms of availability 10.00
035 ## - SYSTEM CONTROL NUMBER
System control number A-777085
037 ## - SOURCE OF ACQUISITION
Source of stock number/acquisition Cen Lib/Ret
040 ## - CATALOGING SOURCE
Original cataloging agency DPL
Language of cataloging HN
082 ## - DEWEY DECIMAL CLASSIFICATION NUMBER
Classification number
Item number भगत
100 ## - MAIN ENTRY--PERSONAL NAME
Personal name भगतसिंह
9 (RLIN) 63794
245 ## - TITLE STATEMENT
Title आकाश दीप /
Statement of responsibility, etc भगतसिंह
246 ## - VARYING FORM OF TITLE
Title proper/short title Akash deep /
Remainder of title by Bahagtsingh
260 ## - PUBLICATION, DISTRIBUTION, ETC. (IMPRINT)
Place of publication, distribution, etc नयी दिल्ली
Name of publisher, distributor, etc मेंकुंट प्रेस
Date of publication, distribution, etc 1968
270 ## - ADDRESS
Address ए-78, नारायण इंडस्ट्रियल एरिया फेज 1
City नयी दिल्ली
Postal code 110028
300 ## - PHYSICAL DESCRIPTION
Extent 131पृ.
Dimensions 19सेमी (सजिल्द)
490 ## - SERIES STATEMENT
Series statement सहायक पुस्तक माला
650 ## - SUBJECT ADDED ENTRY--TOPICAL TERM
Topical term or geographic name as entry element हिंदी साहित्य
9 (RLIN) 63795
650 ## - SUBJECT ADDED ENTRY--TOPICAL TERM
Topical term or geographic name as entry element हिंदी साहित्य
General subdivision कहानियां
9 (RLIN) 63796
650 ## - SUBJECT ADDED ENTRY--TOPICAL TERM
Topical term or geographic name as entry element Hindi literature
9 (RLIN) 63797
650 ## - SUBJECT ADDED ENTRY--TOPICAL TERM
Topical term or geographic name as entry element Hindi literature
General subdivision Stories
9 (RLIN) 63798
942 ## - ADDED ENTRY ELEMENTS (KOHA)
Source of classification or shelving scheme Dewey Decimal Classification
Koha item type Hindi Books
Classification part
Call number suffix भगत
Holdings
Withdrawn status Lost status Damaged status Not for loan Home library Current library Date acquired Source of acquisition Cost, normal purchase price Total Checkouts Full call number Barcode Date last seen Copy number Cost, replacement price Price effective from Koha item type Public note
Written off       Central Library Central Library 22/08/2015 Cen Lib/Ref 10.00   क भगत A-777085 22/08/2015 1 10.00 22/08/2015 Hindi Books Written off on approval by DLB (By Circulation); dtd 20.12.2022

© Delhi Public Library
Hit Counter
free hit counter